Statistics for Municipalities of Miyagi Prefecture

Click here to take the quiz!

General Stats

  • This quiz has been taken 60 times
  • The average score is 23 of 35

Answers on the Map

Answers color-coded by a green-red scale on the quiz's map according to % correct below.
 

Answer Stats

Answer% Correct
Ishinomaki 石巻
97%
Sendai 仙台
97%
Natori 名取
87%
Kesennuma 気仙沼
81%
Matsushima 松島
81%
Osaki 大崎
81%
Shiroishi 白石
77%
Kurihara 栗原
74%
Onagawa 女川
74%
Watari 亘理
74%
Rifu 利府
71%
Shiogama 塩竈
71%
Higashimatsushima 東松島
68%
Minamisanriku 南三陸
68%
Tome 登米
68%
Yamamoto 山元
68%
Iwanuma 岩沼
65%
Zao 蔵王
65%
Kakuda 角田
61%
Marumori 丸森
61%
Shichigahama 七ヶ浜
61%
Shikama 色麻
61%
Tagajo 多賀城
61%
Kami 加美
58%
Misato 美里
58%
Shichikashuku 七ヶ宿
58%
Ogawara 大河原
55%
Ohira 大衡
55%
Tomiya 富谷
55%
Murata 村田
52%
Kawasaki 川崎
48%
Shibata 柴田
45%
Taiwa 大和
42%
Osato 大郷
39%
Wakuya 涌谷
35%

Score Distribution

Percentile by Number Answered

Percent of People with Each Score

Your Score History

You have not taken this quiz